| 000 | 00363nam a2200145Ia 4500 | ||
|---|---|---|---|
| 005 | 20251222144711.0 | ||
| 008 | 251222s9999||||xx |||||||||||||| ||spa|| | ||
| 020 | _a9972637476 | ||
| 082 | _a328.85/B45 | ||
| 100 | _aBernale Ballesteros, Enrique | ||
| 245 | 0 | _aManual Parlamentario | |
| 250 | _a1ra. Ed. | ||
| 264 | _bComisión Andina de Juristas | ||
| 942 | _cLIB | ||
| 999 |
_c17847 _d17847 |
||